=LDR 00000nam 2200000 4500 =001 INLIS000000000045963 =990 ##$$a 21422314 =005 20150212125057.0 =990 ##$$a 21422312 =006 =990 ##$$a 21422313 =007 =990 ##$$a 21422315 =008 =990 ##$$a 21422316 =020 ##$$a 979-3372-54-0 =990 ##$$a 21422317 =035 ##$$0010-021500000000523 =990 ##$$a 21422318 =040 ##$$a NBPDMAT =990 ##$$a 21422319 =082 ##$$a 612 =990 ##$$a 21422320 =090 ##$$a 612 $b Suh m =990 ##$$a 21422321 =100 ##$$a Suherlan =245 ##$$a Manusia / $c Oleh Suherlan ; Editor, Rachmawati =260 ##$$a Bekasi $b Pijar [s.a] =300 ##$$a vi, 55 hlm $b Ilus $c 24 cm =440 ##$$a Dasar IPA =650 ##$$a Manusia, Fisiologi =700 ##$$a Rachmawati